000 00574nam a2200181Ia 4500
008 100920s9999 xx 000 0 und d
082 _b66618
_a--- थ 92
100 _aभसे पोपटराव.
245 _aहाय सोसायटी.
260 _bशांती पब्लिकेशन, पुणे.
_c1992
300 _a208
_bसाधी
365 _b100
520 _aकादंबरी.
630 _aहाय सोसायटी.
650 _aकादंबरी.
730 _aहाय सोसायटी.
942 _cBOOK
999 _c709201
_d709198